Statistiques concernant Les Meilleurs buteurs de la Premier League 2022-2023

Cliquez ici pour prendre le quiz!

Statistiques générales

  • Ce quiz a été pris 233 fois
  • Le résultat moyen est 9 sur 11

Statistiques - réponses

ButsNationalitéClubJoueur% Correct
36NorvègeManchester City Erling Haaland
100%
19ÉgypteLiverpool FC Mohamed Salah
98%
30AngleterreTottenham Hotspur Harry Kane
96%
17AngleterreManchester United Marcus Rashford
90%
15BrésilArsenal Gabriel Martinelli
89%
15NorvègeArsenal FCMartin Odegaard
89%
13AngleterreArsenal Bukayo Saka
87%
16SerbieFulhamAleksandar Mitrović
70%
20AngleterreBrentford Ivan Toney
63%
15AngleterreAston Villa Ollie Watkins
62%
18AngleterreNewcastle Callum Wilson
53%

Distribution des résultats

Percentile par nombre de réponses

% des personnes avec chaque résultat

Votre développement - résultats

Vous n’avez pas pris ce quiz